| 000 | 00945cam a2200325 a 4500 | ||
|---|---|---|---|
| 001 | 2384 | ||
| 003 | FISKH | ||
| 005 | 20231122111010.0 | ||
| 008 | 091009s2010 nyua b 000 1 eng | ||
| 010 | _a 2009038925 | ||
| 020 | _a9780545222747 | ||
| 020 | _a0545222745 | ||
| 040 |
_aDLC _cDLC _dDLC _beng |
||
| 042 | _alcac | ||
| 050 | 0 | 0 |
_aPZ7.A7379 _bBu 2010 |
| 082 | 0 | 0 |
_a813.6 _222 |
| 100 | 1 | _aArnold, Tedd | |
| 245 | 1 | 0 |
_aBuzz Boy and Fly Guy / _cTedd Arnold |
| 260 |
_aNew York : _bCartwheel Books, _c2010. |
||
| 300 |
_a28 pages : _bcolor illustrations ; _c23 cm |
||
| 505 | _aG | ||
| 520 | _aBuzz creates a comic book that features Buzz Boy and Fly Guy as the superheroes. | ||
| 521 | 8 |
_a380
_bLexile |
|
| 521 | 8 |
_aG
_bRaz-Plus |
|
| 650 | 1 |
_aFlies _vFiction. |
|
| 650 | 1 |
_aCartoons and comics _vFiction. |
|
| 650 | 1 |
_aSuperheroes _vFiction. |
|
| 906 |
_a7 _bcbc _corignew _d1 _eecip _f20 _gy-gencatlg |
||
| 942 |
_2ddc _cBK _n0 |
||
| 999 |
_c2384 _d2384 |
||